Leadership; (Record no. 4608)
[ view plain ]
| 000 -LEADER | |
|---|---|
| fixed length control field | 00547nam a22002057a 4500 |
| 003 - CONTROL NUMBER IDENTIFIER | |
| control field | OSt |
| 005 - DATE AND TIME OF LATEST TRANSACTION | |
| control field | 20250308172948.0 |
| 008 - FIXED-LENGTH DATA ELEMENTS--GENERAL INFORMATION | |
| fixed length control field | 250308b |||||||| |||| 00| 0 eng d |
| 020 ## - INTERNATIONAL STANDARD BOOK NUMBER | |
| International Standard Book Number | 818550248 |
| 040 ## - CATALOGING SOURCE | |
| Transcribing agency | CU |
| 050 ## - LIBRARY OF CONGRESS CALL NUMBER | |
| Classification number | HD57 |
| 100 ## - MAIN ENTRY--PERSONAL NAME | |
| Personal name | Dubrin, Andrew J. |
| 245 ## - TITLE STATEMENT | |
| Title | Leadership; |
| Remainder of title | Research findinds, practice, and skills |
| 250 ## - EDITION STATEMENT | |
| Edition statement | 2nd |
| 260 ## - PUBLICATION, DISTRIBUTION, ETC. | |
| Place of publication, distribution, etc. | New Delhi |
| Name of publisher, distributor, etc. | All India Publishers and Distributers, Regd |
| Date of publication, distribution, etc. | 2002 |
| 300 ## - PHYSICAL DESCRIPTION | |
| Extent | xvii, 442p |
| Other physical details | ill.; |
| 500 ## - GENERAL NOTE | |
| General note | include index |
| 700 ## - ADDED ENTRY--PERSONAL NAME | |
| Personal name | Durbin, Andrew J. |
| 942 ## - ADDED ENTRY ELEMENTS (KOHA) | |
| Source of classification or shelving scheme | Library of Congress Classification |
| Koha item type | Books |
| Edition | 2nd |
| Suppress in OPAC | No |
| Withdrawn status | Lost status | Source of classification or shelving scheme | Damaged status | Not for loan | Collection | Home library | Current library | Shelving location | Date acquired | Total checkouts | Full call number | Barcode | Date last seen | Copy number | Price effective from | Koha item type |
|---|---|---|---|---|---|---|---|---|---|---|---|---|---|---|---|---|
| Library of Congress Classification | Non-fiction | Undergraduate Library (Christ Temple) | Undergraduate Library (Christ Temple) | General stacks | 03/08/2025 | HD57.7 DUB | ulct00001580 | 03/08/2025 | 1 | 03/08/2025 | Books | |||||
| Library of Congress Classification | Non-fiction | Undergraduate Library (Christ Temple) | Undergraduate Library (Christ Temple) | General stacks | 03/08/2025 | HD57.7 DUB | ulct00001581 | 03/08/2025 | 1 | 03/08/2025 | Books |